书目信息 |
| 题名: |
丝网花艺术优秀作品精编
|
|
| 作者: | 吴静芳 编著 | |
| 分册: | ||
| 出版信息: | 上海 东华大学出版社 2008.05 |
|
| 页数: | 103页 | |
| 开本: | 29cm | |
| 丛书名: | ||
| 单 册: | ||
| 中图分类: | TS938.1 | |
| 科图分类: | ||
| 主题词: | 人造花卉--ren zao hua hui--手工艺品--制作--中国 | |
| 电子资源: | ||
| ISBN: | 978-7-81111-347-1 | |
| 000 | 01027nam0 2200241 450 | |
| 001 | 012009858169 | |
| 005 | 20090429112156.29 | |
| 010 | @a978-7-81111-347-1@dCNY41.00 | |
| 100 | @a20090429d2008 em y0chi0120 ea | |
| 101 | 0 | @achi |
| 102 | @aCN@b310000 | |
| 105 | @aa z 000yy | |
| 106 | @ar | |
| 200 | 1 | @a丝网花艺术优秀作品精编@Asi wang hua yi shu you xiu zuo pin jing bian@e东华大学老年大学2007年春季丝网花艺班师生作品集@f吴静芳编著@Fwu jing fang bian zhu |
| 210 | @a上海@c东华大学出版社@d2008.05 | |
| 215 | @a103页@c图@d29cm | |
| 330 | @a本作品承蒙了东华大学老年大学2007年春季丝网花艺班的三个班级的诚心、热心和齐心合作,作品以花卉为主,具有一定的造诣和欣赏价值。 | |
| 517 | 1 | @a东华大学老年大学2007年春季丝网花艺班师生作品集@Adong hua da xue lao nian da xue 2007 nian chun ji si wang hua yi ban shi sheng zuo pin ji |
| 606 | 0 | @a人造花卉@Aren zao hua hui@x手工艺品@x制作@y中国 |
| 690 | @aTS938.1@v4 | |
| 701 | 0 | @a吴静芳@Awu jing fang@4编著 |
| 801 | 0 | @aCN@bQSSK@c20090429 |
| 905 | @b739227-29@dTS938.1@eW801@f3 | |
| 丝网花艺术优秀作品精编:东华大学老年大学2007年春季丝网花艺班师生作品集/吴静芳编著.-上海:东华大学出版社,2008.05 |
| 103页:图;29cm |
| ISBN 978-7-81111-347-1:CNY41.00 |
| 本作品承蒙了东华大学老年大学2007年春季丝网花艺班的三个班级的诚心、热心和齐心合作,作品以花卉为主,具有一定的造诣和欣赏价值。 |
| ● |
| 相关链接 |
|
|
|
正题名:丝网花艺术优秀作品精编
索取号:TS938.1/W801
 
预约/预借
| 序号 | 登录号 | 条形码 | 馆藏地/架位号 | 状态 | 备注 |
| 1 | 739227 | 207392276 | 期刊室512/501自科库 43排7列2层/ [索取号:TS938.1/W801] | 在馆 | |
| 2 | 739228 | 207392285 | 自科库501/501自科库 43排7列2层/ [索取号:TS938.1/W801] | 在馆 | |
| 3 | 739229 | 207392294 | 自科库501/501自科库 43排7列2层/ [索取号:TS938.1/W801] | 在馆 |